000 00926nam a22003017a 4500
003 CHAP
005 20220329134225.0
008 971013s1958 nju r 00010 eng d
010 _a17210
011 _a18182
035 _a22267
040 _cCHAP
082 0 4 _a532
_bB55
100 0 0 _aBinder, Raymond C.
_912696
245 1 0 _aAdvanced fluid mechanics
_c/por Raymond C. Binder
260 _aEnglewood :
_bPrentice-Hall,
_c1958
300 _a2 v.
590 _aBATCH-UPD
_b10
_c20130110
_lUCH01
_h0914
590 _aBATCH-UPD
_b10
_c20130410
_lUCH01
_h0538
590 _aBATCH-UPD
_b10
_c20130914
_lUCH01
_h1613
590 _aCONVERSION
_b10
_c20130109
_lUCH01
_h1311
650 1 4 _aHidráulica.
_955219
650 1 4 _aMecánica de fluídos.
_973821
901 _aBK
942 _cLIBRO
949 _a532 B55
_bBC
_cLIBRO
_d33724000393971
_eLIBRO
_fv.2
_i22267
_si
949 _a532 B55
_bBC
_cLIBRO
_d33724000393989
_eLIBRO
_fv.1
_i22267
_si
999 _c17210
_d17210